000 01030nam a2200277 i 4500
001 72344
003 ES-MaACL
005 20251016163107.0
007 t|
008 040831s1981 sp |||| |bspa d
080 _a929 Scandello, Domenico
080 _a272(45)"15"
100 1 _aGinzburg, Carlo.
_957146
245 1 3 _aEl queso y los gusanos
_b: el cosmos, según un molinero del siglo XVI /
_cCarlo Ginzburg ; traducido del italiano por Francisco Martín ; traducción de las citas en latín, Francisco Cuartero.
260 _a[Barcelona] :
_bMuchnik,
_c[1981]
300 _a256 p. ;
_c22 cm.
490 1 _aArchivos de la herejía ;
_v1
600 1 4 _aScandello, Doménico.
_9162075
650 4 _aReligiosidad popular-
_zFriuli-Venezia Giulia.
_9162076
650 4 _aCampesinado-
_zUdine (Provincia)
_9162077
700 1 _aMartín Arribas, Francisco
_9157158
700 1 _aCuartero, Francesc J.
_9162078
830 1 _aArchivos de la herejía ;
_v1
_9231111
852 _aES-MaACL
_jL-3126
999 _c72344
_d72344